Statistics for Spongebob

Click here to take the quiz!

General Stats

  • This quiz has been taken 568 times
  • The average score is 9 of 15

Answer Stats

HintAnswer% Correct
What is the world famous sandwich?Krabby Patty
92%
F is for?Friends
88%
What animal is Spongebobs bestfriend?Starfish
88%
Who is Mr. Krabs' arch rival?Plankton
86%
What does Squidward play?Clarinet
84%
What color are patricks shorts?Green
84%
What is Spongebobs favorite hobby?Jellyfishing
83%
What do Spongebob and Sandy do to pass the time?Karate
72%
What is Spongebobs favorie theme park?Glove world
71%
What is Spongebobs weight set made out of?Stuffed animals
55%
Where did Spongebob go where evryone talked different?Rock Bottom
48%
What's Big Pink an Scary?Alaskan Bull Worm
38%
What does Squidward live in?Easter Island Head
25%
Who cleans Spongebob when he gets the suds?Hanz
5%
What do Spongebob and Patrick devote every answer to?The Conch
3%

Score Distribution

Percentile by Number Answered

Percent of People with Each Score

Your Score History

You have not taken this quiz